000 00327nam a22001457a 4500
008 210426b ||||| |||| 00| 0 eng d
020 _a9780558926595
041 _aeng
080 _a510
082 _a510
100 _a36
101 _aMAT
245 _aCollege Preparatory Mathematics
_cMargaret L. Lial
942 _2udc
_cBK
999 _c56696
_d56696